Rodents by Picture - Statistics

General Stats
  • This quiz has been taken 322 times
  • The average score is 12 of 16
Answer Stats
Picture Answer % Correct
Rat
97%
Beaver
96%
Squirrel
96%
Mouse
94%
Porcupine
94%
Capybara
89%
Chipmunk
89%
Guinea Pig
88%
Chinchilla
87%
Hamster
86%
Naked Mole Rat
73%
Prairie Dog
60%
Gerbil
51%
Lemming
29%
Gopher
25%
Degu
15%
No matching quizzes found
Score Distribution
Percent of People with Each Score
Percentile by Number Answered
Your Score History
You have not taken this quiz